000 00600nam a2200241Ia 4500
003 OSt
005 20221005125145.0
006 a|||||r|||| 00| 0
007 ta
008 221004b |||||||| |||| 00| 0 eng d
024 _a67741
037 _cTextual
040 _aCRL
_cCRL
_beng
041 _2eng
_aeng
082 _aX:3M24.2.N5, H8
100 _aVaidya Suresh
245 0 _aOutline of socialism
_b Questions and answers
250 _a2nd
260 _c1948
650 _aECONOMICS
942 _hX:3M24.2.N5, H8
_cTEXL
_2cc
999 _c1053116
_d1053116